=LDR 00000nam 2200000 4500 =001 INLIS000000000032068 =005 20130612134109 =008 ***********************************ind** =035 ##$$0010-061300000032068 =041 ##$$a ind =082 ##$$a 500 =090 ##$$a 500, Sej s =245 ##$$a SEJARAH Kebudayaan Indonesia, Sistem Pengetahuan, Penulis, Muhammad Iskandar dkk =260 ##$$a 2009 $b Jakarta =300 ##$$a xxii,166 hlm., 2009 =650 ##$$a Sains - Sejarah =700 ##$$a Iskandar, Muhammad =850 ##$$a NBPNMAT